United Kingdom minerals yearbook 2002 (Record no. 102956)

MARC details
000 -LEADER
fixed length control field 01106cam a2200325 4500
008 - FIXED-LENGTH DATA ELEMENTS--GENERAL INFORMATION
fixed length control field 000000n2003 000 0 eng u
020 ## - INTERNATIONAL STANDARD BOOK NUMBER
International Standard Book Number 0852724608
035 ## - SYSTEM CONTROL NUMBER
System control number (Sirsi) u122928
041 ## - LANGUAGE CODE
Language code of text/sound track or separate title eng
050 ## - LIBRARY OF CONGRESS CALL NUMBER
Classification number 338.20212
-- 18
110 ## - MAIN ENTRY--CORPORATE NAME
Corporate name or jurisdiction name as entry element British Geological Survey
9 (RLIN) 1581
245 ## - TITLE STATEMENT
Title United Kingdom minerals yearbook 2002
Remainder of title statistical data to 2001
260 ## - PUBLICATION, DISTRIBUTION, ETC.
Place of publication, distribution, etc. Keyworth
Name of publisher, distributor, etc. British Geological Survey
Date of publication, distribution, etc. 2003
300 ## - PHYSICAL DESCRIPTION
Extent vi, 105p.
Dimensions 30cm.
350 ## - PRICE (NR) (BK AM CF MU VM SE) [OBSOLETE]
Price 44
520 ## - SUMMARY, ETC.
Summary, etc. This annual publication provides comprehensive statistical data on minerals production, consumption and trade to 2001, estimates of production for major mineral commodities in 2002 and a commentary on the UK's minerals industry during 2002.
650 ## - SUBJECT ADDED ENTRY--TOPICAL TERM
Topical term or geographic name entry element MINERALS STATISTICS
650 ## - SUBJECT ADDED ENTRY--TOPICAL TERM
Topical term or geographic name entry element CONSTRUCTION MINERALS
650 ## - SUBJECT ADDED ENTRY--TOPICAL TERM
Topical term or geographic name entry element AGGREGATES
650 ## - SUBJECT ADDED ENTRY--TOPICAL TERM
Topical term or geographic name entry element STATISTICS
690 ## - LOCAL SUBJECT ADDED ENTRY--TOPICAL TERM (OCLC, RLIN)
Topical term or geographic name as entry element MINING AND MINERALS
700 ## - ADDED ENTRY--PERSONAL NAME
Personal name Chapman, G. R.
700 ## - ADDED ENTRY--PERSONAL NAME
Personal name Hillier, J. A.
700 ## - ADDED ENTRY--PERSONAL NAME
Personal name Gatliff, R. W.
700 ## - ADDED ENTRY--PERSONAL NAME
Personal name Highley, D. E.
700 ## - ADDED ENTRY--PERSONAL NAME
Personal name White, R.
700 ## - ADDED ENTRY--PERSONAL NAME
Personal name Linley, K. A.
700 ## - ADDED ENTRY--PERSONAL NAME
Personal name Colman, T. B.
942 ## - ADDED ENTRY ELEMENTS (KOHA)
Suppress in OPAC 0
Holdings
Withdrawn status Lost status Source of classification or shelving scheme Damaged status Not for loan Home library Current library Shelving location Date acquired Cost, normal purchase price Total Checkouts Full call number Barcode Date last seen Copy number Cost, replacement price Price effective from Koha item type
    Dewey Decimal Classification     London London Statistics 12/12/2003 44.00   STATISTICS 30068888 06/08/2019 1 44.00 06/08/2019 Reference material